[Event "Chigorin Memorial 25th"]
[Site "St Petersburg"]
[Date "2017.10.29"]
[Round "9"]
[White "Krasovskiy, Sviatoslav"]
[Black "Natarov, Ilya"]
[Result "1/2-1/2"]
[WhiteElo "2128"]
[BlackElo "1961"]
[PlyCount "145"]
[EventDate "2017.10.21"]
[EventType "swiss"]
[EventRounds "9"]
[EventCountry "RUS"]
[SourceTitle "CBM 181 Extra"]
[Source "ChessBase"]
[SourceDate "2017.12.12"]
[SourceVersion "1"]
[SourceVersionDate "2017.12.12"]
[SourceQuality "1"]

1. c4 c6 2. Nc3 d5 3. cxd5 cxd5 4. d4 Nf6 5. Nf3 Nc6 6. Bf4 a6 7. e3 Bg4 8. Bd3 e6 9. h3 Bxf3 10. gxf3 Nh5 11. Bh2 Bd6 12. Bxd6 Qxd6 13. f4 g6 14. f5 0-0 15. fxg6 fxg6 16. Qg4 Nb4 17. Bb1 Rae8 18. a3 Nc6 19. Rg1 Ng7 20. Ba2 b5 21. Rg2 b4 22. axb4 Nxb4 23. Bb1 e5 24. dxe5 Rxe5 25. Ne2 Nf5 26. Ra4 d4 27. Bxf5 Rexf5 28. Nxd4 Nd3+ 29. Ke2 Ne5 30. Qe4 R5f6 31. f4 Nd7 32. Rc4 Qb8 33. b3 Nb6 34. Rc6 Re8 35. Qxe8+ Qxe8 36. Rxf6 Qe4 37. Kf2 Nd5 38. Re6 Qd3 39. f5 Nf4 40. exf4 Qxd4+ 41. Re3 Qxf4+ 42. Rf3 Qd4+ 43. Kf1 Qd1+ 44. Kf2 Qd4+ 45. Kg3 Qe5+ 46. Kf2 Qd4+ 47. Re3 Qd2+ 48. Kf3 Qd5+ 49. Kg3 Qxf5 50. Rf2 Qg5+ 51. Kf3 Qf5+ 52. Ke2 Qc2+ 53. Kf3 Qf5+ 54. Kg2 Qg5+ 55. Rg3 Qd5+ 56. Kg1 Qd1+ 57. Kh2 Qd6 58. h4 Qd4 59. Rgf3 Qxh4+ 60. Kg2 Qe4 61. Kg3 Qe5+ 62. Kg2 Qd5 63. Kg3 Kg7 64. Re2 Qd6+ 65. Kg2 h5 66. Rfe3 Qd5+ 67. Kh2 Kh6 68. Re6 Qxb3 69. Rxa6 Qb8+ 70. Kg1 Qg3+ 71. Rg2 Qe3+ 72. Kh2 Qe5+ 73. Kg1 1/2-1/2

[Event "Chigorin Memorial 25th"]
[Site "St Petersburg"]
[Date "2017.10.21"]
[Round "1"]
[White "Krasovskiy, Sviatoslav"]
[Black "Kokarev, Dmitry"]
[Result "0-1"]
[WhiteElo "2128"]
[BlackElo "2622"]
[PlyCount "66"]
[EventDate "2017.10.21"]
[EventType "swiss"]
[EventRounds "9"]
[EventCountry "RUS"]
[SourceTitle "CBM 181 Extra"]
[Source "ChessBase"]
[SourceDate "2017.12.12"]
[SourceVersion "1"]
[SourceVersionDate "2017.12.12"]
[SourceQuality "1"]

1. c4 g6 2. Nc3 Bg7 3. g3 c5 4. Bg2 Nc6 5. Nf3 e6 6. 0-0 Nge7 7. d3 0-0 8. Be3 b6 9. d4 d6 10. dxc5 dxc5 11. Rc1 Bb7 12. Qa4 Nf5 13. Rfd1 Qc8 14. Bf4 Ncd4 15. Nxd4 Nxd4 16. Be3 Bxg2 17. Kxg2 Qb7+ 18. f3 Rad8 19. Kf2 a6 20. Rd2 Nf5 21. Rxd8 Rxd8 22. Rd1 Bd4 23. Bxd4 cxd4 24. Rd3 e5 25. Ne4 Ne3 26. g4 Nxg4+ 27. fxg4 Qxe4 28. Qxa6 Qf4+ 29. Rf3 Qxh2+ 30. Ke1 e4 31. Rf1 d3 32. exd3 exd3 33. Rf2 Qg1+ 0-1

[Event "Chigorin Memorial 24th"]
[Site "St Petersburg"]
[Date "2016.10.19"]
[Round "5"]
[White "Korobitsyn, Danil"]
[Black "Krasovskiy, Sviatoslav"]
[Result "1/2-1/2"]
[WhiteElo "2028"]
[BlackElo "2123"]
[PlyCount "119"]
[EventDate "2016.10.15"]
[EventType "swiss"]
[EventRounds "9"]
[EventCountry "RUS"]
[SourceTitle "CBM 175 Extra"]
[Source "ChessBase"]
[SourceDate "2016.12.12"]
[SourceVersion "1"]
[SourceVersionDate "2016.12.12"]
[SourceQuality "1"]

1. e4 Nf6 2. e5 Nd5 3. d4 d6 4. Nf3 Bg4 5. Be2 c6 6. h3 Bxf3 7. Bxf3 dxe5 8. dxe5 e6 9. 0-0 Nd7 10. Qe2 Qc7 11. Re1 Bb4 12. c3 Be7 13. c4 N5b6 14. Bf4 0-0 15. Be4 Rfd8 16. Nc3 Nc5 17. Bc2 Rd4 18. Be3 Rxc4 19. f4 Rd8 20. Red1 Rxd1+ 21. Rxd1 Nd5 22. Nxd5 cxd5 23. b3 Rb4 24. a3 Rxb3 25. Bxb3 Nxb3 26. Qd3 Nc5 27. Bxc5 Qxc5+ 28. Kh1 Qxa3 29. Qc2 Qc5 30. Qb1 Qb4 31. Qxb4 Bxb4 32. Rc1 g5 33. fxg5 a5 34. h4 d4 35. Rc8+ Kg7 36. Kg1 Be1 37. h5 Bc3 38. Rb8 d3 39. g4 h6 40. Kf2 a4 41. Ke3 d2 42. Ke2 b5 43. Ra8 hxg5 44. Kd3 Bxe5 45. Kxd2 f5 46. gxf5 exf5 47. Ra5 Bb2 48. Rxb5 a3 49. Rxf5 Kh6 50. Ra5 Kxh5 51. Ke2 Kg4 52. Kf2 Bc1 53. Kg2 Kf4 54. Rc5 Bd2 55. Rc2 Ke3 56. Ra2 Bc1 57. Kg3 Kd3 58. Kg4 Kc3 59. Rxa3+ Bxa3 60. Kxg5 1/2-1/2

[Event "St Petersburg-ch rap"]
[Site "St Petersburg"]
[Date "2014.03.08"]
[Round "4"]
[White "Chigaev, Maksim"]
[Black "Krasovskiy, Sviatoslav"]
[Result "1-0"]
[WhiteElo "2520"]
[BlackElo "2053"]
[PlyCount "59"]
[EventDate "2014.03.08"]
[EventType "swiss (rapid)"]
[EventRounds "9"]
[EventCountry "RUS"]
[SourceTitle "CBM 159 Extra"]
[Source "ChessBase"]
[SourceDate "2014.04.24"]
[SourceVersion "1"]
[SourceVersionDate "2014.04.24"]
[SourceQuality "1"]

1. b3 Nf6 2. Bb2 g6 3. Bxf6 exf6 4. c4 Bg7 5. Nc3 0-0 6. g3 b6 7. Bg2 Nc6 8. Nf3 Bb7 9. 0-0 Re8 10. Rc1 Rb8 11. d4 f5 12. e3 d6 13. Qd2 Qd7 14. a3 h5 15. b4 a5 16. Nb5 Ba6 17. Rfe1 axb4 18. axb4 Bxb5 19. cxb5 Na7 20. Qa2 c6 21. Ng5 cxb5 22. Nxf7 Kh7 23. Ng5+ Kh6 24. h4 Rec8 25. Qf7 Qxf7 26. Nxf7+ Kh7 27. Nxd6 Rxc1 28. Rxc1 Bf8 29. Rc7+ Kg8 30. Bd5+ 1-0

[Event "Chigorin Memorial 21st"]
[Site "St Petersburg"]
[Date "2013.10.08"]
[Round "4"]
[White "Sichinava, Zviad"]
[Black "Krasovskiy, Sviatoslav"]
[Result "1-0"]
[WhiteElo "2305"]
[BlackElo "2031"]
[PlyCount "187"]
[EventDate "2013.10.05"]
[EventType "swiss"]
[EventRounds "9"]
[EventCountry "RUS"]
[SourceTitle "CBM 156 Extra"]
[Source "ChessBase"]
[SourceDate "2013.10.22"]
[SourceVersion "1"]
[SourceVersionDate "2013.10.22"]
[SourceQuality "1"]

1. d4 Nf6 2. Bg5 e6 3. Nd2 h6 4. Bh4 c5 5. e3 cxd4 6. exd4 Be7 7. Ngf3 b6 8. Bd3 Bb7 9. 0-0 d6 10. a4 a6 11. c4 0-0 12. b4 Nc6 13. Rb1 a5 14. bxa5 Rxa5 15. Qb3 Nd7 16. Bxe7 Nxe7 17. Be4 Qa8 18. Bxb7 Qxb7 19. c5 dxc5 20. Nc4 Ra6 21. a5 cxd4 22. Nxd4 Qd5 23. Nb5 Ne5 24. Nc7 Qxc4 25. Qxc4 Nxc4 26. Nxa6 bxa5 27. Rfc1 Rc8 28. Ra1 Kf8 29. Ra4 Rc6 30. Nb8 Rc8 31. Rcxc4 Rxb8 32. g3 Rb5 33. Rc7 g6 34. Rac4 Nd5 35. Rd7 Kg7 36. Rc6 Rb6 37. Rc8 Rb5 38. Rdd8 Nf6 39. Rd6 Re5 40. Rb6 Nd5 41. Ra8 Rf5 42. Rxa5 Ne3 43. Ra4 Nd1 44. Ra2 Nc3 45. Rc2 Nd5 46. Rc8 g5 47. Re8 Kf6 48. Kg2 Kg6 49. h3 Nf6 50. Ra8 Ne4 51. Ra2 Nc3 52. Rc2 Ne4 53. Rb8 Kg7 54. Ra2 Kh7 55. Rb4 Nc3 56. Ra8 Nd5 57. Rb7 Kg7 58. Re8 Kg6 59. Ra7 Nf6 60. Rf8 Nd5 61. Ra4 Kg7 62. Rb8 h5 63. Rb3 Nf6 64. Rf3 Kg6 65. Rxf5 Kxf5 66. Ra7 Kg6 67. Kf3 Nd5 68. Ke4 Nf6+ 69. Ke5 Nd5 70. Ra8 Ne7 71. Re8 Nc6+ 72. Kd6 Nd4 73. Ke7 Nf5+ 74. Kf8 g4 75. hxg4 hxg4 76. Rd8 Kf6 77. Rd7 Nh6 78. Rd4 Kg6 79. Rf4 e5 80. Ra4 f6 81. Rb4 Kg5 82. Kg7 Nf5+ 83. Kf7 Nh6+ 84. Ke6 Nf5 85. Rb6 Nh6 86. Rb8 e4 87. Rh8 f5 88. Rxh6 f4 89. Rh1 e3 90. fxe3 fxg3 91. Ke5 g2 92. Rg1 Kh4 93. Rxg2 Kh3 94. Kf4 1-0

[Event "Chigorin Memorial 21st"]
[Site "St Petersburg"]
[Date "2013.10.06"]
[Round "2"]
[White "Shuraev, Andrei"]
[Black "Krasovskiy, Sviatoslav"]
[Result "1-0"]
[WhiteElo "2351"]
[BlackElo "2031"]
[PlyCount "69"]
[EventDate "2013.10.05"]
[EventType "swiss"]
[EventRounds "9"]
[EventCountry "RUS"]
[SourceTitle "CBM 156 Extra"]
[Source "ChessBase"]
[SourceDate "2013.10.22"]
[SourceVersion "1"]
[SourceVersionDate "2013.10.22"]
[SourceQuality "1"]

1. c4 e5 2. Nc3 Nf6 3. g3 d5 4. cxd5 Nxd5 5. Bg2 Ne7 6. Nf3 Nbc6 7. d3 g6 8. Bg5 Bg7 9. Ne4 0-0 10. Qc1 Bf5 11. Nf6+ Kh8 12. Qc4 Qd6 13. Ne4 Bxe4 14. Qxe4 h6 15. Bd2 Nf5 16. 0-0 Rfe8 17. Qc4 Re7 18. Rac1 Rae8 19. Nh4 Nxh4 20. Qxh4 Nd4 21. Rfe1 Kh7 22. e3 Ne6 23. Bxb7 c5 24. Bg2 Qxd3 25. Bc3 Qa6 26. Red1 e4 27. Bxg7 Kxg7 28. a3 f5 29. Rd2 Rc7 30. Rcd1 Ree7 31. g4 f4 32. exf4 Nxf4 33. Rd6 Qxd6 34. Rxd6 g5 35. Qxh6+ 1-0

[Event "RUS-chT U20"]
[Site "Kaliningrad"]
[Date "2013.08.10"]
[Round "9"]
[White "Krasovskiy, Sviatoslav"]
[Black "Kamrukov, Alexey"]
[Result "1-0"]
[WhiteElo "2015"]
[BlackElo "2097"]
[PlyCount "99"]
[EventDate "2013.08.02"]
[EventType "team-swiss"]
[EventRounds "9"]
[EventCountry "RUS"]
[SourceTitle "EXT 2018"]
[Source "ChessBase"]
[SourceDate "2017.10.13"]
[SourceVersion "1"]
[SourceVersionDate "2017.10.13"]
[SourceQuality "1"]

1. c4 c6 2. Nc3 d5 3. cxd5 cxd5 4. d4 Nf6 5. Nf3 Nc6 6. Bf4 Bf5 7. Qb3 Na5 8. Qa4+ Bd7 9. Qc2 e6 10. e3 Rc8 11. Bd3 Bb4 12. 0-0 0-0 13. a3 Bxc3 14. bxc3 Nc4 15. Rfb1 b5 16. Ne5 Nxe5 17. Bxe5 Ne4 18. Bxe4 dxe4 19. Bd6 Re8 20. Bc5 a6 21. Qxe4 Bc6 22. Qe5 Qd7 23. f3 f6 24. Qd6 Qb7 25. a4 Rcd8 26. Qg3 Ra8 27. Ra3 Qd7 28. axb5 Bxb5 29. Rab3 g6 30. Qf4 Qf7 31. e4 e5 32. Qe3 exd4 33. cxd4 f5 34. d5 fxe4 35. fxe4 Rac8 36. Rc3 Rcd8 37. Rd1 Rxd5 38. exd5 Rxe3 39. Bxe3 Be2 40. Re1 Bb5 41. Rd1 Be2 42. Re1 Bb5 43. Rc5 Qe7 44. Bf2 Qf6 45. h3 h5 46. Rec1 Qe5 47. Re1 Qf6 48. Rc2 Qg5 49. d6 Bd7 50. Rc7 1-0

[Event "RUS-chT U20"]
[Site "Kaliningrad"]
[Date "2013.08.06"]
[Round "5"]
[White "Dilmukhametov, Artur"]
[Black "Krasovskiy, Sviatoslav"]
[Result "1-0"]
[WhiteElo "2122"]
[BlackElo "2015"]
[PlyCount "86"]
[EventDate "2013.08.02"]
[EventType "team-swiss"]
[EventRounds "9"]
[EventCountry "RUS"]
[SourceTitle "EXT 2018"]
[Source "ChessBase"]
[SourceDate "2017.10.13"]
[SourceVersion "1"]
[SourceVersionDate "2017.10.13"]
[SourceQuality "1"]

1. e4 Nf6 2. e5 Nd5 3. d4 d6 4. c4 Nb6 5. exd6 cxd6 6. Nc3 g6 7. Be3 Bg7 8. Rc1 0-0 9. b3 Nc6 10. Be2 e5 11. Nf3 Bg4 12. dxe5 dxe5 13. 0-0 Qc8 14. Nd5 Nd7 15. Nd2 Bf5 16. c5 Nf6 17. Nxf6+ Bxf6 18. Nc4 Rd8 19. Nd6 Qc7 20. Bc4 Be7 21. Bxf7+ Kh8 22. Bc4 Bxd6 23. cxd6 Qxd6 24. Bg5 Rd7 25. Qxd6 Rxd6 26. Rcd1 Rad8 27. Bxd8 Rxd8 28. Rxd8+ Nxd8 29. Rd1 Nc6 30. Bd5 Bd7 31. f3 Kg7 32. Bxc6 Bxc6 33. Kf2 Kf6 34. Ke3 a6 35. Rd8 Kf7 36. Kd3 g5 37. Rd6 g4 38. Ke3 gxf3 39. gxf3 Kg7 40. Re6 Kf7 41. Rxe5 Kf6 42. f4 Bg2 43. Rh5 Kg6 1-0

[Event "RUS-chT U20"]
[Site "Kaliningrad"]
[Date "2013.08.05"]
[Round "4"]
[White "Krasovskiy, Sviatoslav"]
[Black "Shashnev, Pavel"]
[Result "1-0"]
[WhiteElo "2015"]
[BlackElo "1953"]
[PlyCount "91"]
[EventDate "2013.08.02"]
[EventType "team-swiss"]
[EventRounds "9"]
[EventCountry "RUS"]
[SourceTitle "EXT 2018"]
[Source "ChessBase"]
[SourceDate "2017.10.13"]
[SourceVersion "1"]
[SourceVersionDate "2017.10.13"]
[SourceQuality "1"]

1. c4 e5 2. Nc3 d6 3. g3 f5 4. Bg2 Nf6 5. e3 Be7 6. Nge2 0-0 7. 0-0 c6 8. d4 Na6 9. b3 e4 10. Ba3 g5 11. Qd2 d5 12. Bxe7 Qxe7 13. c5 Qg7 14. a3 Nc7 15. f4 h6 16. b4 Nh5 17. Kh1 Kh8 18. a4 Ne6 19. b5 gxf4 20. Nxf4 Nexf4 21. gxf4 Rg8 22. a5 a6 23. bxc6 bxc6 24. Bh3 Qf6 25. Qf2 Be6 26. Na4 Bf7 27. Nb6 Ra7 28. Rg1 Ng7 29. Rab1 Bh5 30. Rg3 Ne6 31. Rxg8+ Kxg8 32. Rg1+ Kh7 33. Rg3 Nd8 34. Bf1 Nb7 35. Qe1 Qd8 36. Bh3 Bf3+ 37. Kg1 Qf6 38. Qd2 Nd8 39. Bf1 Ne6 40. Be2 Bxe2 41. Qxe2 Nf8 42. Nc8 Rb7 43. Nb6 Ra7 44. Qb2 Rb7 45. Nxd5 Qf7 46. Qxb7 1-0

[Event "RUS-chT U20"]
[Site "Kaliningrad"]
[Date "2013.08.02"]
[Round "1"]
[White "Krasovskiy, Sviatoslav"]
[Black "Martynov, Pavel1111"]
[Result "1/2-1/2"]
[WhiteElo "2015"]
[BlackElo "2311"]
[PlyCount "110"]
[EventDate "2013.08.02"]
[EventType "team-swiss"]
[EventRounds "9"]
[EventCountry "RUS"]
[SourceTitle "EXT 2018"]
[Source "ChessBase"]
[SourceDate "2017.10.13"]
[SourceVersion "1"]
[SourceVersionDate "2017.10.13"]
[SourceQuality "1"]

1. c4 Nf6 2. Nc3 g6 3. g3 d5 4. cxd5 Nxd5 5. Bg2 Nb6 6. Nf3 Bg7 7. 0-0 Nc6 8. d3 0-0 9. Be3 h6 10. Rb1 e5 11. b4 Re8 12. a4 Be6 13. b5 Nd4 14. Qd2 Kh7 15. a5 Nd5 16. Nxd5 Bxd5 17. Bxd4 exd4 18. Rfc1 Qd6 19. Rc2 Re7 20. Qb4 Rd8 21. Ne1 Qf6 22. Bxd5 Rxd5 23. Rbc1 h5 24. Kf1 Rf5 25. Nf3 Bf8 26. Qb3 g5 27. Rc5 Rxf3 28. exf3 Qxf3 29. Qd5 Qxd3+ 30. Kg2 Re6 31. Rxc7 Kg6 32. Qf3 Qxf3+ 33. Kxf3 g4+ 34. Kg2 Re2 35. Rxb7 d3 36. Rd7 d2 37. Rc6+ f6 38. b6 axb6 39. axb6 Bh6 40. Rc3 Re1 41. Rb3 h4 42. gxh4 d1Q 43. Rxd1 Rxd1 44. b7 Bf4 45. b8Q Bxb8 46. Rxb8 Rd3 47. Rb6 Rf3 48. Rb5 Rh3 49. Rb4 f5 50. Rb6+ Kh5 51. Rb5 Rf3 52. h3 Kxh4 53. hxg4 Kxg4 54. Rb4+ f4 55. Rb8 Rc3 1/2-1/2